00333nam a22000977a 4500100003900000245007200039260002700111300000900138650004800147700004000195 aSyed Shabir Hussain Shaha17MSIT16 aAnalysis of Eating Habits of University Students Using Social Media aNawabshahbQuestc2021 a33p. aMaster of Science in Information Technology aDepartment ofInformation Technology